ARRUPE JESUIT UNIVERSITY

CORONAVIRUS -STOP THE SPREAD - CLEAN,DISINFECT,COVER

Training for Transformation (Record no. 24235)

MARC details
000 -LEADER
fixed length control field 00485nam a2200193Ia 4500
003 - CONTROL NUMBER IDENTIFIER
control field 0100
005 - DATE AND TIME OF LATEST TRANSACTION
control field 20190228124510.0
008 - FIXED-LENGTH DATA ELEMENTS--GENERAL INFORMATION
fixed length control field 130303s9999 xx 000 0 und d
040 ## - CATALOGING SOURCE
Transcribing agency ARRUPELIB
050 ## - LIBRARY OF CONGRESS CALL NUMBER
Classification number HN827.A8H45 1984
100 ## - MAIN ENTRY--PERSONAL NAME
Personal name Hope, Anne
9 (RLIN) 44404
245 ## - TITLE STATEMENT
Title Training for Transformation
245 ## - TITLE STATEMENT
Remainder of title A Handbook for Community Workers
250 ## - EDITION STATEMENT
Edition statement Books I, II, III
260 ## - PUBLICATION, DISTRIBUTION, ETC. (IMPRINT)
Place of publication, distribution, etc Gweru
260 ## - PUBLICATION, DISTRIBUTION, ETC. (IMPRINT)
Name of publisher, distributor, etc Mambo Press
Date of publication, distribution, etc 1984
300 ## - PHYSICAL DESCRIPTION
Extent 147p
650 ## - SUBJECT ADDED ENTRY--TOPICAL TERM
Topical term or geographic name as entry element Community development
9 (RLIN) 8596
650 ## - SUBJECT ADDED ENTRY--TOPICAL TERM
Topical term or geographic name as entry element Adult education
9 (RLIN) 28987
700 ## - ADDED ENTRY--PERSONAL NAME
Personal name Timmel, Sally and Hodzi, Chris (illr.)
9 (RLIN) 44901
942 ## - ADDED ENTRY ELEMENTS (KOHA)
Source of classification or shelving scheme Library of Congress Classification
Koha item type Monograph ( Printed materials)
Holdings
Withdrawn status Lost status Source of classification or shelving scheme Damaged status Not for loan Collection code Home library Current library Date acquired Total Checkouts Full call number Barcode Date last seen Copy number Price effective from Koha item type Date checked out
    Library of Congress Classification     Main Collection ARRUPE LIBRARY ARRUPE LIBRARY 04/03/2013   L. HN827.A8H45 1984 46003040793 04/03/2013 1 04/03/2013 Monograph ( Printed materials)  
    Library of Congress Classification     Main Collection ARRUPE LIBRARY ARRUPE LIBRARY 04/03/2013   L. HN827.A8H45 1984 46003040797 04/03/2013 2 04/03/2013 Monograph ( Printed materials)  
    Library of Congress Classification     Main Collection ARRUPE LIBRARY ARRUPE LIBRARY 04/03/2013 2 L. HN827.A8H45 1984 46003040790 15/02/2019 3 04/03/2013 Monograph ( Printed materials) 01/02/2019
    Library of Congress Classification     Main Collection ARRUPE LIBRARY ARRUPE LIBRARY 04/03/2013   L. HN827.A8H45 1984 46003040799 04/03/2013 4 04/03/2013 Monograph ( Printed materials)  
    Library of Congress Classification     Main Collection ARRUPE LIBRARY ARRUPE LIBRARY 04/03/2013 5 L. HN827.A8H45 1984 46003040798 30/04/2018 5 04/03/2013 Monograph ( Printed materials) 07/03/2017
    Library of Congress Classification     Main Collection ARRUPE LIBRARY ARRUPE LIBRARY 04/03/2013   L. HN827.A8H45 1984 46003040792 04/03/2013 6 04/03/2013 Monograph ( Printed materials)  

 

Arrupe Library. PO Box MP320 Mt Pleasant, Harare, Zimbabwe
263 242 745411|librarian@aju.ac.zw